All Mario Kart Tracks - Statistics

General Stats
  • This quiz has been taken 3,005 times
    1,001 since last reset
  • The average score is 110 of 167
Answer Stats
Game Cup/Tour Track % Correct
SNES Special Rainbow Road
97%
N64 Special Rainbow Road
97%
GBA Special Rainbow Road
97%
GCN Special Rainbow Road
97%
DS Special Rainbow Road
97%
Wii Special Rainbow Road
97%
3DS Special Rainbow Road
97%
WiiU Special Rainbow Road
97%
Switch 2 Special Rainbow Road
97%
SNES Mushroom Bowser Castle 1
96%
GBA Mushroom Bowser Castle 1
96%
SNES Flower Bowser Castle 2
96%
GBA Flower Bowser Castle 2
96%
SNES Star Bowser Castle 3
96%
GBA Star Bowser Castle 3
96%
GBA Special Bowser Castle 4
96%
N64 Star Bowser’s Castle
96%
GCN Special Bowser’s Castle
96%
DS Special Bowser's Castle
96%
Wii Special Bowser’s Castle
96%
3DS Special Bowser’s Castle
96%
WiiU Special Bowser’s Castle
96%
Switch 2 Lightning Bowser's Castle
95%
GBA Flower Mario Circuit
94%
GCN Flower Mario Circuit
94%
DS Star Mario Circuit
94%
Wii Flower Mario Circuit
94%
3DS Flower Mario Circuit
94%
WiiU Flower Mario Circuit
94%
SNES Mushroom Mario Circuit 1
94%
SNES Mushroom Mario Circuit 2
94%
SNES Flower Mario Circuit 3
94%
SNES Star Mario Circuit 4
94%
N64 Flower Mario Raceway
94%
N64 Mushroom Luigi Raceway
91%
GBA Lightning Luigi Circuit
89%
GCN Mushroom Luigi Circuit
89%
Wii Mushroom Luigi Circuit
89%
N64 Star Royal Raceway
82%
N64 Star Wario Stadium
81%
DS Special Wario Stadium
81%
Wii Flower Coconut Mall
78%
Wii Mushroom Moo Moo Meadows
78%
Wii Mushroom Toad’s Factory
78%
Wii Star Daisy Circuit
77%
N64 Mushroom Koopa Troopa Beach
77%
Wii Mushroom Mushroom Gorge
77%
SNES Mushroom Donut Plains 1
75%
SNES Flower Donut Plains 2
75%
SNES Special Donut Plains 3
75%
DS Flower Waluigi Pinball
75%
3DS Special DK Jungle
74%
GBA Mushroom Peach Circuit
74%
3DS Mushroom Toad Circuit
72%
GCN Flower Waluigi Stadium
71%
GCN Star Yoshi Circuit
71%
N64 Flower Choco Mountain
70%
Wii Flower DK Summit
70%
SNES Star Koopa Beach 1
70%
SNES Special Koopa Beach 2
70%
Wii Star Maple Treeway
70%
GCN Star DK Mountain
69%
GCN Mushroom Dry Dry Desert
69%
SNES Mushroom Ghost Valley 1
68%
SNES Flower Ghost Valley 2
68%
SNES Special Ghost Valley 3
68%
Wii Special Moonview Highway
67%
GCN Mushroom Peach Beach
67%
N64 Flower Toad’s Turnpike
67%
Wii Flower Wario’s Gold Mine
67%
GCN Mushroom Baby Park
66%
Wii Star Koopa Cape
66%
SNES Star Vanilla Lake 1
66%
SNES Special Vanilla Lake 2
66%
DS Star Airship Fortress
65%
WiiU Crossing Animal Crossing
65%
DS Mushroom Figure-8 Circuit
65%
N64 Star Sherbet Land
65%
GCN Star Sherbet Land
65%
DS Mushroom Yoshi Falls
65%
SNES Flower Choco Island 1
64%
SNES Star Choco Island 2
64%
DS Mushroom Luigi’s Mansion
64%
3DS Mushroom Shy Guy Bazaar
64%
DS Mushroom Cheep Cheep Beach
63%
Wii Star Grumble Volcano
63%
WiiU Triforce Hyrule Circuit
63%
N64 Mushroom Moo Moo Farm
63%
GBA Flower Cheese Land
62%
DS Special Peach Gardens
62%
WiiU Bell Big Blue
61%
GCN Flower Daisy Cruiser
61%
DS Star DK Pass
61%
Wii Special Dry Dry Ruins
61%
GBA Star Ribbon Road
61%
DS Flower Desert Hills
60%
N64 Special DK’s Jungle Parkway
60%
WiiU Mushroom Thwomp Ruins
60%
GCN Special Dino Dino Jungle
59%
WiiU Mushroom Mario Kart Stadium
59%
WiiU Flower Shy Guy Falls
58%
GCN Special Wario Colosseum
58%
WiiU Mushroom Water Park
58%
N64 Special Yoshi Valley
58%
WiiU Star Mount Wario
57%
3DS Special Rosalina’s Ice World
57%
WiiU Star Sunshine Airport
57%
WiiU Mushroom Sweet Sweet Canyon
57%
GBA Flower Boo Lake
56%
DS Flower Delfino Square
56%
WiiU Star Electrodrome
56%
WiiU Egg Mute City
56%
GCN Flower Mushroom Bridge
55%
GCN Star Mushroom City
55%
DS Star Tick-Tock Clock
55%
GBA Lightning Sky Garden
54%
WiiU Bell Super Bell Subway
54%
WiiU Star Dolphin Shoals
53%
3DS Flower Music Park
53%
3DS Star Wario Shipyard
53%
N64 Special Banshee Boardwalk
52%
N64 Mushroom Kalimari Desert
52%
Switch Propeller Sky-High Sundae
52%
WiiU Flower Toad Harbor
52%
WiiU Special Bone Dry Dunes
51%
GBA Mushroom Riverside Park
51%
Switch Fruit Yoshi's Island
51%
3DS Mushroom Daisy Hills
50%
WiiU Egg Excitebike Arena
50%
Switch 2 Mushroom Mario Bros. Circuit
50%
3DS Star Piranha Plant Slide
50%
GBA Mushroom Shy Guy Beach
50%
WiiU Flower Twisted Mansion
50%
WiiU Special Cloudtop Cruise
49%
DS Flower Shroom Ridge
49%
3DS Star Maka Wuhu
48%
3DS Mushroom Cheep Cheep Lagoon
47%
N64 Flower Frappe Snowland
47%
3DS Star Neo Bowser City
47%
GBA Lightning Sunset Wilds
47%
3DS Flower Wuhu Loop
47%
Switch Lucky Cat Ninja Hideaway
46%
Switch 2 Mushroom Crown City
45%
Switch 2 Mushroom DK Spaceport
45%
3DS Flower Rock Rock Mountain
45%
Switch Feather Squeaky Clean Sprint
45%
WiiU Triforce Ice Ice Outpost
44%
GBA Special Lakeside Park
44%
Switch 2 Shell Peach Stadium
44%
GBA Star Snow Land
44%
GBA Special Broken Pier
43%
WiiU Egg Dragon Driftway
43%
WiiU Crossing Wild Woods
42%
Switch 2 Special Acorn Heights
41%
Switch 2 Leaf Boo Cinema
41%
GBA Star Yoshi Desert
41%
Switch Acorn Piranha Plant Cove
38%
Switch 2 Star Starview Peak
36%
Switch 2 Mushroom Whistlestop Summit
36%
Switch 2 Leaf Cheep Cheep Falls
35%
GBA Lightning Cheep Cheep Island
34%
Switch Moon Merry Mountain
34%
Switch 2 Leaf Dry Bones Burnout
33%
Switch 2 Banana Great ? Block Ruins
33%
Switch 2 Shell Faraway Oasis
31%
Switch 2 Banana Salty Salty Speedway
31%
Switch 2 Leaf Dandelion Depths
29%
No matching quizzes found
Score Distribution
Percent of People with Each Score
Percentile by Number Answered
Your Score History
You have not taken this quiz since the last reset